000 00467nam a2200193Ia 4500
005 20240823022848.0
008 240823s9999||||xx |||||||||||||| ||und||
020 _a978-81-203-2804-4
041 _aENGLISH
082 _A658.3 P8
100 _a"Mejia,Gomez R [et al]"
245 0 _aManaging Human Resources
250 _a4th
260 _c2008
_b"PHI,New "
500 _aYES
650 _aHuman Resources
_bManagement Studies
942 _cBK
999 _c180177
_d180177